[Event "GER-ch U25-A"]
[Site "Willingen"]
[Date "2017.06.09"]
[Round "8"]
[White "Longo, Claudio"]
[Black "Herbrig, Marie Helen"]
[Result "1-0"]
[WhiteElo "1995"]
[BlackElo "1816"]
[PlyCount "169"]
[EventDate "2017.06.04"]
[EventType "swiss"]
[EventRounds "9"]
[EventCountry "GER"]
[SourceTitle "CBM 178 Extra"]
[Source "ChessBase"]
[SourceDate "2017.06.22"]
[SourceVersion "1"]
[SourceVersionDate "2017.06.22"]
[SourceQuality "1"]

1. d4 Nf6 2. Nf3 e6 3. e3 b6 4. Nbd2 Bb7 5. b3 c5 6. Bb2 Nc6 7. Bd3 Be7 8. 0-0 0-0 9. a3 Qc7 10. Qe2 a6 11. Rfd1 d6 12. Nf1 Rfd8 13. Ng3 b5 14. e4 Qb6 15. d5 Nd4 16. Nxd4 cxd4 17. dxe6 fxe6 18. e5 dxe5 19. Qxe5 Rd5 20. Qe2 Kh8 21. b4 Re8 22. Kh1 Qd6 23. f3 Nh5 24. Ne4 Qc7 25. Qf2 Red8 26. Bc1 Rf8 27. Bd2 Nf4 28. Qg3 Rh5 29. h3 Bh4 30. Qh2 Bxe4 31. Bxe4 Rg5 32. Bxf4 Rxf4 33. Rxd4 Bg3 34. Rad1 Rf8 35. Qg1 Rh5 36. Rd7 Qc8 37. Qb6 Bh4 38. Qxe6 Rh6 39. Qg4 Bf6 40. R1d6 Qc3 41. Rd1 Qxa3 42. Rf7 Qxb4 43. Bb7 Qc5 44. Qf5 Qa3 45. Qd3 Qc5 46. Qe3 Qb4 47. Rdd7 a5 48. Bd5 Rh5 49. f4 Rh4 50. Rxf6 Rxf6 51. Qg3 Rxh3+ 52. Qxh3 Qxf4 53. Rd8+ Rf8 54. Rxf8+ Qxf8 55. Qf3 Qb4 56. Qe3 Qh4+ 57. Kg1 Qh5 58. Qe6 Qd1+ 59. Kh2 Qh5+ 60. Kg3 Qg5+ 61. Kf3 Qd8 62. g3 b4 63. Bb3 Qd1+ 64. Kg2 Qd8 65. Ba4 Qd2+ 66. Kh3 Qd8 67. Kg4 Qd1+ 68. Kf4 Qd4+ 69. Kf3 Qd1+ 70. Ke4 Qd8 71. Qe8+ Qxe8+ 72. Bxe8 g6 73. Kd4 Kg7 74. Kc4 Kf6 75. Kb5 Kg5 76. Bd7 h5 77. Kxa5 b3 78. cxb3 Kf6 79. Be8 Kg5 80. b4 Kf6 81. b5 Ke7 82. Bxg6 h4 83. gxh4 Kd6 84. Ka6 Kc7 85. Ka7 1-0

[Event "GER-ch U25-A"]
[Site "Willingen"]
[Date "2017.06.06"]
[Round "5"]
[White "Ciolek, Andreas"]
[Black "Longo, Claudio"]
[Result "1-0"]
[WhiteElo "2143"]
[BlackElo "1995"]
[PlyCount "35"]
[EventDate "2017.06.04"]
[EventType "swiss"]
[EventRounds "9"]
[EventCountry "GER"]
[SourceTitle "CBM 178 Extra"]
[Source "ChessBase"]
[SourceDate "2017.06.22"]
[SourceVersion "1"]
[SourceVersionDate "2017.06.22"]
[SourceQuality "1"]

1. e4 d5 2. exd5 Nf6 3. d4 Nxd5 4. Nf3 g6 5. c4 Nb6 6. h3 Bg7 7. Nc3 Bf5 8. Be3 Nc6 9. g4 Bc8 10. Qd2 h5 11. Rg1 Nd7 12. 0-0-0 b6 13. Bd3 Bb7 14. gxh5 Nb4 15. Ng5 Nxd3+ 16. Qxd3 Nf8 17. hxg6 f6 18. Nf7 1-0

[Event "GER-ch U25-A"]
[Site "Willingen"]
[Date "2017.06.04"]
[Round "1"]
[White "Gressmann, Hanna"]
[Black "Longo, Claudio"]
[Result "1/2-1/2"]
[WhiteElo "1841"]
[BlackElo "1995"]
[PlyCount "83"]
[EventDate "2017.06.04"]
[EventType "swiss"]
[EventRounds "9"]
[EventCountry "GER"]
[SourceTitle "CBM 178 Extra"]
[Source "ChessBase"]
[SourceDate "2017.06.22"]
[SourceVersion "1"]
[SourceVersionDate "2017.06.22"]
[SourceQuality "1"]

1. d4 d5 2. Nf3 Nf6 3. e3 e6 4. Bd3 c5 5. c3 Nc6 6. Nbd2 Qc7 7. 0-0 Bd6 8. dxc5 Bxc5 9. e4 0-0 10. Qe2 Re8 11. h3 h6 12. e5 Nd7 13. Re1 b6 14. Nb3 Bf8 15. Nbd4 a6 16. Bf4 Bb7 17. Rac1 b5 18. a3 Nb6 19. Bb1 Nc4 20. Qc2 g6 21. Qe2 Bg7 22. Bd3 Rec8 23. Ra1 Qb6 24. b3 N4a5 25. Qd2 Kh7 26. h4 h5 27. Ng5+ Kg8 28. Ngf3 Nxd4 29. Nxd4 Nc6 30. Bf1 Rc7 31. Rac1 Rac8 32. Be3 Nxd4 33. cxd4 Rc6 34. Rxc6 Rxc6 35. b4 Qc7 36. Rc1 f6 37. f4 Kf7 38. Rxc6 Qxc6 39. Qc1 Bh6 40. Qxc6 Bxc6 41. Kf2 Bf8 42. Bd3 1/2-1/2

[Event "Landesliga U20 Sued 1617"]
[Site "Bayern"]
[Date "2017.03.11"]
[Round "7.2"]
[White "Longo, Claudio"]
[Black "Goderbauer, Lukas"]
[Result "1-0"]
[WhiteElo "1982"]
[BlackElo "1392"]
[PlyCount "67"]
[EventDate "2016.11.12"]
[EventType "team-tourn"]
[EventRounds "7"]
[EventCountry "GER"]
[SourceTitle "EXT 2022"]
[Source "ChessBase"]
[SourceDate "2021.10.06"]
[SourceVersion "1"]
[SourceVersionDate "2021.10.06"]
[SourceQuality "1"]
[WhiteTeam "Graefelfing SK U20"]
[BlackTeam "Moosburg SC U20"]
[WhiteTeamCountry "GER"]
[BlackTeamCountry "GER"]

1. d4 Nf6 2. Nf3 d5 3. e3 Bg4 4. c4 e6 5. Nc3 Nc6 6. cxd5 exd5 7. Qb3 Rb8 8. Ne5 Be6 9. Bb5 Qd6 10. Bxc6+ Kd8 11. Ba4 Ne4 12. Nc6+ bxc6 13. Qxb8+ Kd7 14. Nxe4 dxe4 15. 0-0 g6 16. Qxa7 Bg7 17. Qc5 Qxc5 18. dxc5 Rb8 19. Rd1+ Ke7 20. Bxc6 Bxb2 21. Rb1 Bxa2 22. Rxb2 Rxb2 23. Bxb2 Be6 24. Be5 Bg4 25. Rd4 Be6 26. Bxc7 f5 27. Bd8+ Kf7 28. Bd5 h6 29. Bxe6+ Kxe6 30. c6 f4 31. c7 fxe3 32. fxe3 Ke5 33. c8Q g5 34. Qc5+ 1-0

[Event "Landesliga U20 Sued 1617"]
[Site "Bayern"]
[Date "2016.12.10"]
[Round "2.2"]
[White "Felser, Tobias"]
[Black "Longo, Claudio"]
[Result "0-1"]
[WhiteElo "1477"]
[BlackElo "1982"]
[PlyCount "71"]
[EventDate "2016.11.12"]
[EventType "team-tourn"]
[EventRounds "7"]
[EventCountry "GER"]
[SourceTitle "EXT 2022"]
[Source "ChessBase"]
[SourceDate "2021.10.06"]
[SourceVersion "1"]
[SourceVersionDate "2021.10.06"]
[SourceQuality "1"]
[WhiteTeam "Haar U20"]
[BlackTeam "Graefelfing SK U20"]
[WhiteTeamCountry "GER"]
[BlackTeamCountry "GER"]

1. e4 d5 2. exd5 Nf6 3. Nf3 Nxd5 4. d3 g6 5. Bd2 Bg7 6. Nc3 Nc6 7. g3 0-0 8. Bg2 e5 9. 0-0 Nce7 10. h3 c5 11. Ne4 b6 12. c4 Nc7 13. Bc3 f6 14. Qc2 Bb7 15. Rad1 Ne6 16. Ned2 Qc7 17. Rfe1 Rad8 18. Nb3 Rd6 19. Nh2 Rfd8 20. Be4 Ng5 21. Bg2 Bxg2 22. Kxg2 Qb7+ 23. f3 Qd7 24. g4 Rxd3 25. Rxd3 Qxd3 26. Qxd3 Rxd3 27. f4 Nxh3 28. fxe5 Nf4+ 29. Kg1 fxe5 30. Bxe5 Bxe5 31. Rxe5 Rd1+ 32. Nf1 Kf7 33. Re4 g5 34. Nbd2 Neg6 35. Kf2 Ne5 36. Re1 0-1

[Event "Stuttgart-chA int"]
[Site "Ditzingen"]
[Date "2016.05.07"]
[Round "6"]
[White "Hoeschele, Hans Ulrich"]
[Black "Longo, Claudio"]
[Result "1/2-1/2"]
[WhiteElo "2012"]
[BlackElo "1870"]
[PlyCount "69"]
[EventDate "2016.05.05"]
[EventType "swiss"]
[EventRounds "7"]
[EventCountry "GER"]
[SourceTitle "EXT 2018"]
[Source "ChessBase"]
[SourceDate "2017.10.13"]
[SourceVersion "1"]
[SourceVersionDate "2017.10.13"]
[SourceQuality "1"]

1. d4 d5 2. Nf3 Nf6 3. g3 g6 4. Bg2 Bg7 5. 0-0 0-0 6. Bg5 Nbd7 7. c3 c6 8. Qc1 Re8 9. a4 e5 10. dxe5 Nxe5 11. Re1 Bg4 12. Nbd2 h6 13. Be3 Qd7 14. Bd4 Nxf3+ 15. Nxf3 Ne4 16. Be3 Kh7 17. Nd4 Nd6 18. f3 Bh3 19. Bh1 Nf5 20. Bf2 Nxd4 21. cxd4 Be6 22. Qd2 f5 23. Bg2 Re7 24. Rad1 Rae8 25. Qc2 Bf7 26. Bh3 Qd6 27. Bg2 Kh8 28. e4 fxe4 29. fxe4 dxe4 30. Rxe4 g5 31. Rxe7 Rxe7 32. Qc3 Bd5 33. b4 Bxg2 34. Kxg2 Qd5+ 35. Qf3 1/2-1/2

[Event "GER-ch U25 op-A"]
[Site "Willingen"]
[Date "2015.05.27"]
[Round "6"]
[White "Reck, Jessica"]
[Black "Longo, Claudio"]
[Result "0-1"]
[WhiteElo "1582"]
[BlackElo "1781"]
[PlyCount "84"]
[EventDate "2015.05.24"]
[EventType "swiss"]
[EventRounds "9"]
[EventCountry "GER"]
[SourceTitle "CBM 166 Extra"]
[Source "ChessBase"]
[SourceDate "2015.06.18"]
[SourceVersion "1"]
[SourceVersionDate "2015.06.18"]
[SourceQuality "1"]

1. d4 d5 2. c4 e6 3. Nf3 Nf6 4. Nbd2 Be7 5. g3 0-0 6. Bg2 b6 7. b3 Bb7 8. Bb2 dxc4 9. bxc4 Na6 10. 0-0 c5 11. e3 Qc7 12. Qe2 Rad8 13. Nb3 Be4 14. a3 Rc8 15. Nbd2 Bb7 16. Rac1 Rfd8 17. Rfd1 h6 18. Bh3 Rb8 19. Ne5 Re8 20. Nb1 Rbd8 21. Nc3 Qb8 22. Nb5 Nc7 23. Nc3 Qa8 24. Qf1 Bd6 25. Bg2 Ne4 26. Nxe4 Bxe4 27. Bxe4 Qxe4 28. Qd3 Qa8 29. d5 exd5 30. Qf5 Bxe5 31. Bxe5 Ne6 32. Qg4 dxc4 33. f4 Rxd1+ 34. Rxd1 Qe4 35. Rd6 g6 36. Qh4 Qxe3+ 37. Kg2 Qe2+ 38. Kg1 Qe1+ 39. Kg2 Nxf4+ 40. Bxf4 Re2+ 41. Kh3 Qf1+ 42. Kg4 f5# 0-1

[Event "Stuttgart-chA op"]
[Site "Ditzingen"]
[Date "2015.05.15"]
[Round "3"]
[White "Schmidt, Markus1"]
[Black "Longo, Claudio"]
[Result "0-1"]
[WhiteElo "1871"]
[BlackElo "2013"]
[PlyCount "77"]
[EventDate "2015.05.14"]
[EventType "swiss"]
[EventRounds "7"]
[EventCountry "GER"]
[SourceTitle "EXT 2018"]
[Source "ChessBase"]
[SourceDate "2017.10.13"]
[SourceVersion "1"]
[SourceVersionDate "2017.10.13"]
[SourceQuality "1"]

1. e4 d5 2. exd5 Nf6 3. c4 c6 4. dxc6 Nxc6 5. Nf3 e5 6. Nc3 Bf5 7. d3 Bb4 8. Nh4 Bg4 9. f3 Bh5 10. Nf5 0-0 11. Be2 Nd4 12. Nxd4 exd4 13. a3 Qa5 14. axb4 Qxa1 15. Na4 Nd7 16. 0-0 Rfe8 17. b3 Qb1 18. g4 Bg6 19. Nb2 Qa2 20. f4 f6 21. Bf3 Qa6 22. b5 Qb6 23. Na4 Qc7 24. b4 Rac8 25. c5 Bf7 26. Be4 Nf8 27. f5 Nd7 28. Bb2 Ne5 29. Bxd4 Red8 30. Bc3 Bc4 31. b6 axb6 32. cxb6 Qe7 33. Nc5 Nxd3 34. Ne6 Nf4 35. Nxd8 Rxd8 36. Qf3 Ne2+ 37. Kh1 Nxc3 38. Rc1 Nxe4 39. Rxc4 0-1